|
|
|
|
| LEADER |
00000nam a2200000 ub4500 |
| 001 |
PL0063202 |
| 003 |
PLI01000000000000000061430 |
| 005 |
00000000000000.0 |
| 008 |
1|| u |
| 020 |
|
|
|a 0-7923-3280-6
|
| 020 |
|
|
|a 9780792332800
|
| 090 |
|
|
|a 215-Stu/2
|
| 100 |
1 |
|
|a Haider, Hubert
|e [ed.]
|
| 245 |
0 |
0 |
|a Studies in comparative Germanic syntax
|c ed. by Hubert Haider, Susan Olsen and Sten Vikner
|
| 260 |
|
|
|a Dordrecht [etc.]
|b Kluwer
|c 1995
|
| 300 |
|
|
|a 344 p.
|
| 490 |
0 |
|
|a Studies in natural language and linguistic theory
|v 31
|
| 650 |
|
4 |
|a Germanic languages-Syntax-Congresses
|
| 650 |
|
4 |
|a Germanic languages-Grammar, Comparative-Congresses
|
| 700 |
1 |
|
|a Olsen, Susan
|e [ed.]
|
| 700 |
1 |
|
|a Vikner, Sten
|
| 830 |
|
0 |
|w PL0000540
|
| 852 |
|
|
|c 215-Stu/2
|m BOOK
|
| 989 |
|
|
|a A95-09
|